000 00856nam a22002777a 4500
003 CHAP
005 20220329134407.0
008 971013s1970 r 00010 d
010 _a19865
011 _a20837
035 _a24926
040 _cCHAP
082 _a631.47
_bA5
100 0 0 _aAndrews, Richard N. L.
_eed.
_95708
245 _aLand in Amarica; Commodity or natural resource
260 _aLexington, Mass., :
_bLexington Books,
_c1970
300 _a239 p
590 _aBATCH-UPD
_b10
_c20130110
_lUCH01
_h2233
590 _aBATCH-UPD
_b10
_c20130410
_lUCH01
_h1528
590 _aBATCH-UPD
_b10
_c20130914
_lUCH01
_h0329
590 _aCONVERSION
_b10
_c20130109
_lUCH01
_h1312
650 1 4 _aTierras
_xUtilización
_xE.U.A.
_9113234
901 _aBK
942 _cLIBRO
949 _a631.47 A5
_bBC
_cLIBRO
_d33724000077962
_eLIBRO
_h56115
_i24926
_si
_t918.00
999 _c19865
_d19865